[Event "Moscow ch-T 2018"]
[Site "Moscow"]
[Date "2018.09.25"]
[Round "4"]
[White "Smirnov, Timofey"]
[Black "Sychev, Klementy"]
[Result "0-1"]
[WhiteElo "2332"]
[BlackElo "2534"]
[Annotator "TA"]
[PlyCount "56"]
[EventDate "2018.09.20"]
[EventType "team-tourn"]
[EventCountry "RUS"]
[SourceTitle "playchess.com"]
[Source "ChessBase"]
[SourceQuality "1"]

{[%evp 18,56,16,10,46,39,37,30,26,27,54,-60,0,0,10,-43,-21,-36,-29,-32,-46,-35,-21,-60,-29,-32,-2,0,0,-36,11,11,14,11,41,-116,-101,-112,-112,-592,-623]} 1. e4 c5 2. Nf3 d6 3. d4 Nf6 4. Nc3 cxd4 5. Nxd4 a6 6. Be2 e6 7. g4 d5 {B84: Sizilianisch (Scheveninger System)} 8. exd5 Nxd5 (8... exd5 9. g5 Ne4 10. Nxe4 dxe4 11. Be3 Bc5 12. Nb3 Qxd1+ 13. Rxd1 Bxe3 14. fxe3 h6 15. Rd4 hxg5 16. Rxe4+ {½-½ (36) Bakalchuk,J (2410)-Golubka,P (2509) Budapest 2018}) 9. Nxd5 Qxd5 10. Bf3 {LiveBook: 3 Partien} Qa5+ 11. c3 Be7 $146 ({Vorgänger:} 11... Nd7 12. Qe2 Be7 13. Bf4 O-O 14. h4 e5 15. Nf5 {1-0 (60) Licznerski,L (2328)-Grandadam,P (2213) Maribor 2013}) 12. h4 O-O 13. Be3 Nd7 14. Qb3 (14. g5 $14) 14... Qc7 (14... Ne5 $1 $15) 15. O-O-O $11 Ne5 16. Be2 (16. Qc2 $11) 16... b5 $15 {[%cal Bb7b5,Bb5c4][%mdl 32]} 17. f4 Nc4 18. Bxc4 $1 bxc4 19. Qc2 Bb7 20. Rh2 Rad8 21. g5 e5 22. fxe5 Qxe5 23. Re1 Bc5 {[%cal Rc5d4]} 24. Rhe2 Qg3 25. Kb1 Bxd4 26. cxd4 $2 {[#]} (26. Bxd4 $14 Bc6 27. Qf5) 26... Bf3 $1 $17 {[%cal Rf3e2]} 27. Rf2 Rfe8 28. Ka1 $2 {[%mdl 8192] [#]} (28. Qc1 $17 {ist zäher.}) 28... Rxe3 $1 {[%mdl 512] Precision: Weiß = 42%, Schwarz = 53%.} 0-1

[Event "Moscow ch-T 2018"]
[Site "Moscow"]
[Date "2018.09.25"]
[Round "4"]
[White "Matyunin, Maxim"]
[Black "Elishev, Ivan"]
[Result "0-1"]
[WhiteElo "2235"]
[BlackElo "2197"]
[Annotator "TA"]
[PlyCount "78"]
[EventDate "2018.09.20"]
[EventType "team-tourn"]
[EventCountry "RUS"]
[SourceTitle "playchess.com"]
[Source "ChessBase"]
[SourceQuality "1"]

{[%evp 9,78,-12,-5,-8,0,-48,-4,-38,-47,-46,12,15,17,-10,0,0,6,-5,-6,-24,-20,-16,-14,-27,0,-62,-72,-58,-16,-41,-54,-85,-67,-133,-118,-225,-221,-235,-247,-233,-232,-287,-280,-321,0,0,0,-288,-208,-369,-360,-627,-556,-1420,-1405,-1401,-1415,-1410,-1351,-1443,-1236,-1166,-888,-893,-888,-860,-831,-2749,-2330,-29997,-4990]} 1. d4 g6 2. Nf3 Bg7 3. c4 Nf6 {[%cal Bg8f6,Bf6e4,Be4c3][%mdl 32]} 4. Qc2 Nc6 $146 ({Vorgänger:} 4... c5 5. d5 d6 6. Nc3 O-O 7. e4 e6 8. Be2 exd5 9. cxd5 Bg4 10. O-O Bxf3 11. Bxf3 Nbd7 12. Bf4 {1-0 (49) Debashis,D (2522)-Sammed Jaykumar,S (2375) Bhubaneswar 2018}) 5. d5 Nb4 6. Qb3 {E60: Königsindisch (ohne Sc3)} Na6 7. Be3 Ne4 8. Nc3 {Die Stellung ist ausgeglichen.} (8. g3 {with more complications.} Nac5 9. Qc2 d6 10. Bg2 Bf5 11. Qc1) 8... Nxc3 9. bxc3 c5 (9... d6 $15) 10. Bg5 $11 h6 11. Bh4 f5 12. e3 O-O 13. Bg3 d6 14. Be2 Qa5 $36 {[%mdl 2048] Schwarz hat gut koordiniertes Spiel.} 15. Rc1 Bd7 16. O-O Rab8 17. Nd2 (17. Qc2 $11) 17... Nc7 $15 18. Qc2 a6 19. Nb3 Qa3 $1 20. f4 b5 21. cxb5 ({Lieber} 21. Nd2 $15) 21... axb5 22. c4 (22. Bf3 $17 {war angesagt.}) 22... Ra8 $19 23. cxb5 Bxb5 ({Auf keinen Fall} 23... Nxb5 24. Bc4) 24. Bxb5 Nxb5 {[%cal Bc7b5,Bb5c3,Bc3d5,Bd5e3][%mdl 32]} 25. Qd3 Rfb8 26. Rc2 Qb4 27. Rc4 Qa3 28. Rc2 Ra4 29. Rff2 $2 {[#]} (29. Be1 {ist wohl besser.}) 29... Nc3 $1 {[%mdl 512]} 30. Nc1 $2 (30. Rxc3 Bxc3 31. Qxc3) 30... Rb1 31. Qf1 Nxd5 32. Rf3 Nxe3 33. Qe1 Re4 34. Qd2 Bd4 35. Bf2 Qb4 36. Qxb4 cxb4 37. Rc8+ Kf7 38. Kh1 Bc5 39. Bxe3 {[#]} Rxe3 {Precision: Weiß = 27%, Schwarz = 64%.} (39... Rxc1+ $142 $1 {[%mdl 512]} 40. Bxc1 Re1+ 41. Rf1 Rxf1#) 0-1

[Event "Moscow ch-T 2018"]
[Site "Moscow"]
[Date "2018.09.25"]
[Round "4"]
[White "Maltsevskaya, Aleksandra"]
[Black "Kukhmazov, Arsen"]
[Result "0-1"]
[WhiteElo "2234"]
[BlackElo "2395"]
[Annotator "TA"]
[PlyCount "102"]
[EventDate "2018.09.20"]
[EventType "team-tourn"]
[EventCountry "RUS"]
[SourceTitle "playchess.com"]
[Source "ChessBase"]
[SourceQuality "1"]

{[%evp 17,102,22,10,-49,-58,-86,-52,-66,-54,-53,-28,-21,14,-75,-71,-84,-21,-21,-21,-21,16,14,33,44,54,9,64,46,51,15,47,44,72,59,50,54,79,81,104,87,91,87,87,91,70,65,66,0,0,-40,0,-125,-125,-125,-125,-125,-125,-125,-121,-122,0,-128,0,-123,-118,-128,-114,-128,-121,-128,-135,-834,-828,-731,-708,-665,-647,-29988,-29987,-29989,-29988,-29988,-29989,-29994,-29992,-29998,-131]} 1. e4 c6 2. Nc3 d5 3. Nf3 Bg4 4. h3 Bh5 5. exd5 cxd5 6. g4 Bg6 7. Ne5 Nc6 8. Bb5 Rc8 9. d4 e6 10. Bd2 $146 {B11: Caro-Kann: Two Knights Variation} (10. Qe2 $11) ({Predecessor:} 10. h4 f6 11. Bxc6+ bxc6 12. Nxg6 hxg6 13. Qd3 Kf7 14. Be3 Bd6 15. O-O-O Ne7 16. Ne2 Qa5 17. Kb1 Qb5 18. Qd2 Rb8 {0-1 (36) Fressinet,L (2662)-Kovalenko,I (2639) Katowice 2017}) 10... Bd6 $1 $15 {[%cal Rd6e5]} 11. Qe2 Nge7 {[%cal Bg8e7,Be7c6,Bc6a5,Ba5c4][%mdl 32] aiming for ...Bxe5.} 12. Nxg6 {Black is slightly better.} hxg6 13. O-O-O a6 14. Bxc6+ $1 Nxc6 15. Be3 (15. Nxd5 $1 $11 O-O 16. Nc3) 15... Na5 $17 16. Kb1 Rxc3 (16... Bb4 $17 17. Na4 Nc4) 17. bxc3 $11 Nc4 18. Ka1 $1 Qa5 19. Qd3 Kd7 20. Rb1 b5 21. f4 f5 (21... Kc6 $11) 22. gxf5 $14 gxf5 23. Bd2 Rc8 24. Rhg1 Bf8 25. Rg6 Qd8 26. Re1 Rc6 $1 27. Bc1 Qa5 28. h4 b4 29. Qg3 $1 {Hoping for h5.} bxc3 {Strongly threatening ...Qb4.} 30. Rxg7+ Bxg7 31. Qxg7+ Kc8 $1 32. Qf8+ (32. Qf7 $14) 32... Qd8 $11 33. Qb4 Rb6 34. Qxc3 (34. Qc5+ $1 $11 {remains equal.} Kd7 35. Ba3) 34... Qxh4 $17 35. Rg1 Qf2 36. Rh1 Kd7 37. Rh7+ Kc6 38. Rh1 Kd7 39. Rh7+ Kc6 40. Rh1 $1 Rb7 41. Re1 Kd7 $40 {[%mdl 128] Black attacks with force.} 42. Rh1 Rb8 43. Rh7+ Kc6 {( -> ...Qf1)} 44. Re7 $2 {[%mdl 8192]} (44. Rh6 $17) 44... Qe2 $1 $19 45. a4 a5 $1 46. Ka2 {[#]} Rb4 $1 47. Qd3 Rxa4+ {Black mates.} 48. Kb1 Rb4+ 49. Ka2 Qe1 50. Qh3 Ra4+ 51. Kb1 {[#]} Ra1+ $1 {[%mdl 512] Precision: White = 32%, Black = 50%.} 0-1

[Event "Moscow ch-T 2018"]
[Site "Moscow"]
[Date "2018.09.25"]
[Round "4"]
[White "Krylov, Aleksey"]
[Black "Teiitbaev, Aktilek"]
[Result "1/2-1/2"]
[WhiteElo "2229"]
[BlackElo "2223"]
[Annotator "TA"]
[PlyCount "51"]
[EventDate "2018.09.20"]
[EventType "team-tourn"]
[EventCountry "RUS"]
[SourceTitle "playchess.com"]
[Source "ChessBase"]
[SourceQuality "1"]

{[%evp 18,51,-44,-43,-43,-51,-50,-39,-43,-59,-56,-69,-8,-15,-11,-3,0,0,-6,-3,0,-27,-27,-27,-30,-50,-48,-65,-56,-77,-17,-19,-13,-16,-7,-8]} 1. e4 c5 2. Nf3 d6 3. c3 Nf6 4. Be2 g6 5. O-O Bg7 6. Re1 O-O 7. Bf1 Nc6 8. h3 e5 9. d4 cxd4 10. cxd4 exd4 {B50: Sicilian: 2...d6, Miscellaneous} 11. Nxd4 Nxd4 (11... Re8 12. Nxc6 bxc6 13. Nc3 Be6 14. Qa4 Qb6 15. Rb1 Ng4 16. Nd1 Ne5 17. Be3 c5 18. Nc3 {½-½ (67) Buscher,M (2391)-Goudriaan,E (2372) Germany 2017}) 12. Qxd4 Re8 {Black is slightly better.} 13. Qd3 {[#]} Bf5 $1 {[%cal Rf6e4][%mdl 512]} 14. Bg5 (14. exf5 Rxe1) 14... d5 (14... Rxe4 $15 15. Rxe4 Bxe4) 15. Nc3 $11 dxe4 16. Qxd8 Raxd8 17. g4 Be6 $36 {[%mdl 2048] Black is pushing.} 18. Nxe4 Nxe4 19. Bxd8 {[#] Black must now prevent Rad1.} Nd2 $146 ({Don't play} 19... Rxd8 $6 20. Rxe4 Bxb2 21. Rb1 $14) 20. Rxe6 $1 fxe6 21. Ba5 Bxb2 {And now ...Nf3+ would win.} 22. Rd1 Nxf1 23. Rd7 b6 (23... Rf8 $17 {Strongly threatening ...Nh2!} 24. Kxf1 Rf7) 24. Be1 {The position is equal.} a5 25. Kxf1 e5 26. Bd2 1/2-1/2

[Event "Moscow ch-T 2018"]
[Site "Moscow"]
[Date "2018.09.25"]
[Round "4"]
[White "Perov, German"]
[Black "Kanevskaya, Anna"]
[Result "1-0"]
[WhiteElo "2196"]
[BlackElo "2099"]
[Annotator "TA"]
[PlyCount "99"]
[EventDate "2018.09.20"]
[EventType "team-tourn"]
[EventCountry "RUS"]
[SourceTitle "playchess.com"]
[Source "ChessBase"]
[SourceQuality "1"]

{[%evp 19,99,8,29,9,9,9,14,5,0,-6,66,52,66,75,66,62,64,43,59,-864,-249,-779,51,41,82,-50,-12,-259,55,47,120,124,153,82,185,167,235,36,207,0,164,-145,131,-254,-216,-220,445,372,409,226,284,0,461,0,83,-3,-6,-74,-69,-26,-33,-38,-27,-29993,169,0,0,0,171,0,536,527,512,490,5277,1537,1474,824,813,814,722,683]} 1. e4 e5 2. Nf3 Nc6 3. d4 exd4 4. Bc4 Nf6 5. e5 d5 6. Bb5 Ne4 7. Nxd4 Bd7 8. Bxc6 bxc6 9. O-O Be7 10. f3 Ng5 {LiveBook: 11 Games. C56: Two Knights: 4 d4 exd4 5 0-0 Nxe4} (10... Nc5 {is interesting.} 11. Nc3 O-O 12. Be3 a5 13. Qd2 Nb7) (10... Nc5 11. f4 O-O 12. f5 Ne4 13. Nb3 Re8 14. N1d2 Bf8 15. Nxe4 dxe4 16. Qd4 Bc8 17. Qc3 Qd5 18. Bf4 Bxf5 19. Rad1 Qb5 20. Rd4 c5 {0-1 (51) Vocaturo,D (2598)-Gledura,B (2605) Barcelona 2017}) 11. Bxg5 Bxg5 12. f4 Be7 {The position is equal.} 13. f5 {Black should prevent e6.} c5 14. Ne2 Bc6 (14... c6 $1 $11) 15. Nf4 $14 Bg5 16. Qg4 $146 ({Predecessor:} 16. Nd2 Bxf4 17. Rxf4 Qe7 18. Qf1 O-O 19. Re1 Rab8 20. f6 Qd7 21. Qf2 gxf6 22. exf6 Kh8 23. Nf3 Rbe8 24. Ne5 {1-0 (24) Glatt,G (2295)-Koszorus,P (2280) Hungary 1992}) 16... Bxf4 17. Rxf4 Qe7 18. Qe2 Qg5 19. g4 $2 {[%mdl 8192]} (19. Qf2 $14) 19... O-O-O $2 (19... Qxf4 20. Nc3 Rb8) 20. Nd2 $2 (20. Qf2 Rhe8 21. Nd2) 20... Qe7 $2 (20... Qxf4 $19 21. Nb3 Rhe8) 21. Re1 h5 22. Qa6+ (22. Nb3 $1 $16) 22... Bb7 $15 23. Qxa7 $2 (23. f6 $11 {and White is okay.} gxf6 24. Qxf6 Qxf6 25. exf6) 23... c4 $2 ({Better is} 23... Qg5 $1 $19 {[%cal Rg5f4]} 24. Rf2 hxg4) 24. Qd4 c5 ({Black should try} 24... hxg4 $14 25. Rxg4 Rh5) 25. Qf2 $36 {[%mdl 2048] White is in control.} Qc7 26. e6 (26. g5 $142) 26... f6 (26... hxg4 $16 27. Rxg4 fxe6) 27. h4 Rhg8 (27... hxg4 $142 28. Rxg4 Rhe8) 28. Kh2 $2 (28. gxh5 $18 {Threatens to win with Rg4.} Rh8 29. Rg4) 28... Rde8 $2 (28... g6 $14) 29. b3 $2 (29. gxh5 $18 Rh8 30. Kg1) 29... c3 $2 (29... g6 $11 {and Black has nothing to worry.} 30. fxg6 (30. bxc4 g5 $17) 30... Rxg6) 30. Nb1 $2 (30. Nf1 $18) 30... d4 $2 {[%mdl 8192]} (30... g5 $1 $17 31. fxg6 Rxg6) 31. b4 $2 {[%mdl 8192]} (31. gxh5 $16 {stays on course. aiming for a4.} Rh8 32. Na3) 31... g5 $19 32. fxg6 Qc6 $4 {[%mdl 8192]} (32... Rxg6 $19 33. Qg3 Qc6 34. Nxc3 dxc3) 33. Rxf6 $18 cxb4 {[#]} 34. e7 (34. Nxc3 $142 $1 {[%mdl 512] And now Ne4 would win.} dxc3 (34... bxc3 35. gxh5) 35. gxh5) 34... Qd5 35. Rfe6 $2 (35. Qf5+ $18 Qxf5 36. gxf5) 35... Rg7 $2 {[%mdl 8192]} (35... hxg4 $11 36. Qg3 Qf5) 36. R6e4 $2 ({White should play} 36. R1e5 $18 Qf3 37. Rc5+ (37. Qxf3 Bxf3 38. Rd6 Rgxe7 $16) 37... Kb8 38. Qxf3 Bxf3 39. gxh5 Bxh5 40. Rxh5) 36... Rxg6 (36... Qd6+ $11 37. Qf4 Qxg6 38. Rxd4 Rgxe7 39. Rxe7 Rxe7) 37. Rxd4 (37. Qxd4 $16 Rxg4 38. Qxd5 (38. Rxg4 hxg4 39. Qxd5 Bxd5 $16) 38... Bxd5 39. Rxg4 hxg4 40. a3 bxa3 41. Nxa3 (41. Nxc3 Bc6 $16)) 37... Rf6 $1 $11 {[%cal Rf6f2]} 38. Qg1 (38. Rxd5 $11 {remains equal.} Rxf2+ 39. Kg3 Rxc2 40. Rxh5) 38... Qf7 $17 39. Rf4 $1 Rxe7 40. Qc5+ $1 (40. Rxf6 Qxf6 41. Qg3 (41. Qc5+ {leads to mate.} Kb8 42. Qc7+ Kxc7 43. Rxe7+ Qxe7 44. Nxc3 bxc3 45. g5 Qe2+ 46. Kg3 Qf3+ 47. Kh2 Qg2#) 41... Rxe1 $19) 40... Rc7 41. Qxb4 $2 {[%mdl 8192]} (41. Qb5 $11 Re7 42. Qc5+ Rc7 43. Qb5) 41... Qg6 $4 {[%mdl 8192] [#]} (41... Rxf4 {mates} 42. Nd2 cxd2 43. Re8+ Qxe8 44. Qxd2 Qe4 45. Qd8+ Kxd8 46. Kg3 Rxg4+ 47. Kh3 Qh1#) 42. Qa4 $2 (42. Qb5 $1 $18 {[%mdl 512] White threatens Re8+ and mate.} Bc6 43. Rxf6 Qxf6 44. Qf5+ Qxf5 45. gxf5) 42... Bc6 $1 $11 {[%cal Rc6a4]} 43. Qa6+ Kd7 $2 {[#]} (43... Rb7 $11 44. Qa8+ Rb8 45. Qa6+ Rb7 46. Qa8+ Rb8 47. Qa6+ Rb7) 44. Rd1+ $2 (44. Rxf6 $1 $18 Qxf6 45. Qd3+ Kc8 46. Qf5+ Qxf5 47. gxf5) 44... Ke7 $2 {[%mdl 8192]} (44... Ke8 $11 {and Black stays safe.} 45. Re1+ Kd8 46. Rxf6 Qxf6 47. Qd3+ Rd7) 45. Qe2+ $18 {White is clearly winning.} Re6 46. Qf2 {Strongly threatening Qc5+.} Be4 {[#]} (46... Rd7 $142) 47. Nxc3 $1 {[%mdl 512]} Bb7 (47... Rxc3 48. Qa7+) 48. Qd2 {[%csl Gd1][%cal Rd2d8]} Rd6 49. Qxd6+ Qxd6 50. Rxd6 {Precision: White = 21%, Black = 19%.} 1-0

[Event "Moscow ch-T 2018"]
[Site "Moscow"]
[Date "2018.09.25"]
[Round "4"]
[White "Voronkov, Denis"]
[Black "Khnykin, Andrei"]
[Result "1/2-1/2"]
[WhiteElo "2180"]
[BlackElo "1773"]
[Annotator "TA"]
[PlyCount "51"]
[EventDate "2018.09.20"]
[EventType "team-tourn"]
[EventCountry "RUS"]
[SourceTitle "playchess.com"]
[Source "ChessBase"]
[SourceQuality "1"]

{[%evp 14,51,35,29,51,46,54,45,70,58,159,156,300,300,300,285,308,291,416,409,443,470,431,410,411,399,400,402,445,432,897,892,897,891,868,743,881,771,723,577]} 1. d4 Nf6 2. Nf3 g6 3. Bg5 Bg7 4. e3 O-O 5. Be2 d6 6. O-O Qe8 {A48: Königsindisch (ohne c2-c4)} (6... b6 7. c4 Nbd7 8. Nc3 Bb7 9. Nd2 h6 10. Bh4 d5 11. cxd5 Nxd5 12. Nxd5 Bxd5 13. Bf3 Bxf3 14. Nxf3 c5 15. Rc1 Rc8 16. Qe2 cxd4 17. Nxd4 Rxc1 18. Rxc1 Bxd4 19. exd4 {½-½ (47) Aronian,L (2784)-Li,C (2755) Stavanger 2016}) 7. c4 e5 8. Nc3 {LiveBook: 4 Partien} Nbd7 {Weiß hat minimalen Vorteil.} 9. Qc2 h6 10. Bh4 g5 $146 ({Vorgänger:} 10... c6 11. h3 Nh7 12. Ne4 d5 13. cxd5 cxd5 14. Nd6 Qe6 15. dxe5 Nxe5 16. Nb5 Qc6 17. Nfd4 Qxc2 18. Nxc2 Be6 19. Nd6 g5 20. Bg3 Nf6 21. Bxe5 {1-0 (21) Liouri,A (1327)-Aivazian,E (1424) Thessaloniki 2016}) 11. Bg3 Nh5 {[#]} (11... exd4 $14 12. exd4 (12. Nxd4 Nc5 $14) 12... Qd8) 12. Nxg5 $1 $16 {[%csl Gg5][%cal Rc2h7]} f5 (12... hxg5 $16 {war nötig.} 13. Bxh5 exd4 14. exd4 Bxd4) 13. Bxh5 $18 Qxh5 14. Ne6 $1 {[%csl LRc7,LRf8]} Rf7 15. Nxc7 f4 (15... Rb8 {war angesagt.} 16. N3d5 Nb6 17. dxe5 dxe5) 16. Nxa8 fxg3 17. fxg3 Nf6 {und die Idee ...Sg4 ließe Schwarz weiter hoffen.} 18. Nd5 exd4 19. Nxf6+ Bxf6 20. Qe4 {[#] Und De8+ würde nun gewinnen.} Re7 21. Qf4 {Weiß steht klar auf Gewinn.} Bg5 (21... Bg7 $142 22. exd4 Qg4) 22. Qf8+ Kh7 23. Qxc8 dxe3 24. Qf5+ Kg7 25. h4 e2 26. hxg5 {[%mdl 32768] Precision: Weiß = 100%, Schwarz = 10%. . An unexpected result.} 1/2-1/2

[Event "Moscow ch-T 2018"]
[Site "Moscow"]
[Date "2018.09.25"]
[Round "4"]
[White "Okun, Evgeny"]
[Black "Dudin, Gleb"]
[Result "0-1"]
[WhiteElo "2163"]
[BlackElo "2208"]
[Annotator "TA"]
[PlyCount "78"]
[EventDate "2018.09.20"]
[EventType "team-tourn"]
[EventCountry "RUS"]
[SourceTitle "playchess.com"]
[Source "ChessBase"]
[SourceQuality "1"]

{[%evp 12,78,15,-11,-16,-22,-19,-46,-47,-85,-43,-79,-44,-104,-28,-35,-38,-39,-38,-45,-37,-33,-36,-48,-28,-36,-43,-41,41,31,100,104,113,47,106,25,62,52,114,79,80,0,0,0,0,0,56,46,61,19,12,12,12,12,12,8,17,-28,-24,-25,-30,-171,-205,-196,-187,-784,-785,-4718,-4718]} 1. g3 d5 2. f4 Nf6 3. Nf3 c5 4. Bg2 Nc6 5. d3 e6 6. O-O Be7 7. Qe1 {LiveBook: 6 Games} b5 {A03: Bird's Opening with 1...d5} (7... b6 8. e4 dxe4 9. dxe4 Ba6 10. Rf2 Qc7 11. h3 Rd8 12. Nc3 Nd4 13. e5 Nd7 14. Ne4 Nxf3+ 15. Bxf3 {1-0 (118) Blohberger,F (2423)-Biolek,R (2445) Vienna 2018}) 8. c3 O-O 9. h3 Bb7 {Black is slightly better.} 10. g4 $146 ({Predecessor:} 10. Nbd2 Qb6 11. Kh1 d4 12. Qf2 Nd5 13. cxd4 cxd4 14. Nb3 Ne3 15. Bxe3 dxe3 {0-1 (36) Thannheiser,T (2201)-Glibstrup,J (1920) Helsingor 2018}) 10... d4 11. Ne5 Qc7 12. Nd2 (12. Bxc6 $15 Bxc6 13. cxd4) 12... Bd6 (12... Nxe5 $17 13. fxe5 Nd5) 13. Nxc6 Bxc6 14. Bxc6 Qxc6 15. c4 a6 16. b3 Rae8 17. g5 Nd7 18. e4 dxe3 19. Qxe3 e5 ({Better is} 19... f5 $15) 20. Qe4 $1 $14 {[%cal Re4c6]} Qc7 (20... Rc8 $14) 21. f5 $16 Be7 22. Nf3 (22. Qg4 $16) 22... f6 {[#]} (22... Rd8 $14) 23. h4 (23. g6 $1 $16 {Qh4 is the strong threat.} h6 24. Be3) 23... Kh8 24. Be3 Nb6 (24... Nb8 $14) 25. Rad1 Qd7 26. Qg4 (26. Nh2 $16) 26... g6 $11 27. gxf6 Bxf6 28. Nh2 Be7 ({Black should try} 28... Rg8 $11 29. Bg5 Bxg5 30. hxg5 gxf5 31. Rxf5 Nc8) 29. fxg6 $14 hxg6 30. Qxd7 Nxd7 31. Bg5 Bxg5 32. hxg5 Kg7 33. Kg2 Rf5 34. Nf3 Nf8 35. cxb5 axb5 36. Rc1 (36. a4 $11 {and White stays safe.}) 36... Ne6 $19 37. Kg3 Ref8 38. Kg2 $2 {[#]} (38. Rce1) 38... Nf4+ 39. Kg1 Ne2+ {Precision: White = 30%, Black = 35%.} 0-1

[Event "Moscow ch-T 2018"]
[Site "Moscow"]
[Date "2018.09.25"]
[Round "4"]
[White "Gorovenko, Darya"]
[Black "Dvalishvili, Pavel S."]
[Result "1/2-1/2"]
[WhiteElo "2109"]
[BlackElo "2408"]
[Annotator "TA"]
[PlyCount "108"]
[EventDate "2018.09.20"]
[EventType "team-tourn"]
[EventCountry "RUS"]
[SourceTitle "playchess.com"]
[Source "ChessBase"]
[SourceQuality "1"]

{[%evp 23,108,0,14,-2,9,4,0,-27,-17,-37,-20,-33,-28,-31,0,0,0,19,16,0,0,-19,42,39,45,43,53,14,46,0,46,0,0,0,35,30,42,63,102,106,89,87,87,0,0,0,0,0,34,33,41,33,26,27,22,22,58,0,0,0,8,10,10,0,0,0,0,0,0,0,0,0,0,0,0,0,0,0,0,0,0,0,0,0,0,-713,0]} 1. d4 Nf6 2. c4 e6 3. Nf3 b6 4. g3 Bb7 5. Bg2 Bb4+ 6. Bd2 Bxd2+ 7. Qxd2 O-O 8. O-O d6 9. Nc3 Ne4 10. Qc2 Nxc3 11. Qxc3 Nd7 12. b4 Qe7 13. Rfd1 {E16: Queen's Indian: 4 g3 Bb7 5 Bg2 Bb4+} Nf6 $146 ({Predecessor:} 13... a5 14. a3 Nf6 15. c5 axb4 16. axb4 Bd5 17. Nd2 Bxg2 18. Kxg2 bxc5 19. bxc5 Nd5 20. cxd6 cxd6 {½-½ (55) Burcu,C (2260)-Ratkovic,M (2404) Paracin 2016}) 14. c5 Bd5 15. c6 {The position is equal.} a5 16. a3 Rfe8 17. Nd2 Bxg2 18. Kxg2 d5 19. b5 a4 20. Rab1 h6 21. Qb4 Qd8 22. Rbc1 e5 (22... h5 $11) 23. dxe5 $14 Rxe5 24. e3 Qc8 25. Nf3 Re4 26. Rd4 Qf5 27. Nd2 Rxd4 28. Qxd4 Ra5 29. Rb1 $1 Qc2 30. Rb4 Qc1 31. Qd3 Qc5 32. h3 (32. h4 {with more complications.} Ra8 33. g4 Qe7 34. Qf5 Qe6 35. Qf4) 32... g6 33. Qd4 (33. Nf3 $16) 33... Qxd4 $11 34. exd4 {[%mdl 4096] Endgame KRN-KRN} Kf8 35. f3 Ke7 36. Nb1 Kd6 37. Nc3 Ra8 38. Rxa4 Re8 39. Kf2 Nh7 40. Rb4 (40. Ne2 $14) 40... Ng5 41. h4 Ne6 42. a4 g5 43. hxg5 hxg5 44. Nd1 f5 45. Ne3 {[%cal Re3f5] [#]} Rf8 46. g4 fxg4 47. Nxg4 Rf4 48. Ke3 Ng7 {[#] Hoping for ...Nf5+.} 49. Ne5 Nf5+ 50. Kd3 Nh4 51. Ke3 Nf5+ 52. Kd3 Nh4 53. Ke3 Nf5+ 54. Ke2 $2 {[%mdl 8192]} (54. Kd3 $11) 54... Nh4 $2 {Precision: White = 43%, Black = 56%.} (54... Nxd4+ $19 55. Rxd4 Rxd4 56. Nf7+ Kc5 57. Nxg5 Rxa4) 1/2-1/2

[Event "Moscow ch-T 2018"]
[Site "Moscow"]
[Date "2018.09.25"]
[Round "4"]
[White "Ilyina, Lada"]
[Black "Antonov, Alexandr"]
[Result "1/2-1/2"]
[WhiteElo "2062"]
[BlackElo "2220"]
[Annotator "TA"]
[PlyCount "42"]
[EventDate "2018.09.20"]
[EventType "team-tourn"]
[EventCountry "RUS"]
[SourceTitle "playchess.com"]
[Source "ChessBase"]
[SourceQuality "1"]

{[%evp 9,42,23,22,25,21,0,0,0,1,-19,27,10,17,22,37,7,26,-97,-33,-33,-51,-76,0,0,0,0,0,-16,34,-98,-102,-654,-652,-2053,-1279]} 1. e4 c5 2. Nf3 d6 3. d4 cxd4 4. Qxd4 e5 5. Qd2 (5. Qe3 Nf6 6. Be2 Be7 7. O-O O-O 8. c4 Nc6 9. Nc3 Be6 10. b3 Qb8 11. Qd3 Nd7 12. Ng5 Nc5 {1-0 (82) Demchenko,A (2670)-Petkov,V (2494) Pontevedra 2018}) 5... Nf6 6. Nc3 {B53: Sicilian: 2...d6: Lines with Qxd4} Be7 7. b3 $146 ({Predecessor:} 7. Be2 Nc6 8. h3 h6 9. b3 a6 10. Bb2 b5 11. a3 Be6 12. Qe3 Qc7 {0-1 (35) Martinez Guajardo,E (2079)-Marin Munoz,R (2139) Santiago de Chile 2007}) 7... O-O 8. Bb2 {The position is equal.} Nc6 9. O-O-O a5 10. Bb5 Na7 11. Rhe1 Nxb5 12. Nxb5 Ra6 $1 13. Ba3 (13. a4 $11) 13... a4 (13... Bd7 $17 14. Nxd6 a4 15. bxa4 (15. Nxe5 axb3 16. cxb3 Rxa3 $17) 15... Rxa4) 14. Bxd6 $15 axb3 15. axb3 {[#]} Bd7 (15... Bxd6 $1 $17 16. Nxd6 Bg4) 16. Qb4 $1 $36 {[%mdl 2048] White is more active.} Bxd6 $1 ({Much weaker is} 16... Ra1+ 17. Kb2 $16) 17. Nxd6 ({Of course not} 17. Rxd6 Qb8 $17) 17... Qe7 $1 {...Ne8 is the strong threat.} 18. Qc5 Be6 {Threatens to win with ...Ne8.} 19. Nxe5 {[#]} (19. Qxe5 $14 {stays ahead.} Rd8 20. Nb5) 19... Ne8 $1 $17 {[%cal Re8d6]} ({Don't blunder} 19... Rd8 $2 20. Nxb7 Rxd1+ 21. Rxd1 $18) 20. f4 $2 {[%mdl 8192]} (20. Nxb7 $17 Qxb7 21. Rd8) 20... Nxd6 $19 21. Nf3 Ra1+ {[%mdl 32768] Precision: White = 17%, Black = 63%. . An unexpected result.} 1/2-1/2